Central Library OPAC University of Rajshahi

Psychology of personnel in business and industry / (Record no. 15580)

MARC details
000 -LEADER
fixed length control field 00899cam a22002891 4500
001 - CONTROL NUMBER
control field 15580
003 - CONTROL NUMBER IDENTIFIER
rucl marc code BD-RjUL
005 - DATE AND TIME OF LATEST TRANSACTION
control field 20211208235840.0
008 - FIXED-LENGTH DATA ELEMENTS--GENERAL INFORMATION
fixed length control field 140210s1961 njua b 001 0 eng
035 ## - SYSTEM CONTROL NUMBER
System control number (BD-RjUL)15635
System control number (OCoLC)245158
040 ## - CATALOGING SOURCE
Original cataloging agency DLC
Transcribing agency ODaWU
Modifying agency OCoLC
-- DLC
-- BD-RjUL
Language of cataloging eng
041 ## - LANGUAGE CODE
Language code of text/sound track or separate title eng
082 ## - DEWEY DECIMAL CLASSIFICATION NUMBER
Classification number 658.3
Author mark and year BEP 1961
100 1# - MAIN ENTRY--PERSONAL NAME
Personal name Bellows, Roger M.
9 (RLIN) 48366
245 10 - TITLE STATEMENT
Title Psychology of personnel in business and industry /
Statement of responsibility, etc. Roger M. Bellows
250 ## - EDITION STATEMENT
Edition statement 3d ed.
260 ## - PUBLICATION, DISTRIBUTION, ETC. (IMPRINT)
Place of publication, distribution, etc. Englewood Cliffs, N.J. :
Name of publisher, distributor, etc. Prentice-Hall,
Date of publication, distribution, etc. c1961, 1949
300 ## - PHYSICAL DESCRIPTION
Pagination vi, 474 p. :
Illustrations ill. ;
Size 24 cm.
490 0# - SERIES STATEMENT
Series statement Prentice-Hall industrial relations and personnel series
504 ## - BIBLIOGRAPHY, ETC. NOTE
Bibliography, etc Includes bibliography and index.
650 #0 - SUBJECT ADDED ENTRY--TOPICAL TERM
Topical term or geographic name as entry element Personnel management.
9 (RLIN) 48367
Topical term or geographic name as entry element Psychology, Industrial.
9 (RLIN) 3670
942 ## - ADDED ENTRY ELEMENTS (KOHA)
Source of classification or shelving scheme Dewey Decimal Classification
Koha item type Books
Holdings
Lost status Source of classification or shelving scheme Damaged status Not for loan Collection code Permanent Location Current Location Shelving location Date acquired Source of acquisition Total Checkouts Full call number Date last seen Copy number Koha item type
  Dewey Decimal Classification     Non-fiction Central Library, University of Rajshahi Central Library, University of Rajshahi   19/10/1973 US Govt.   658.3 BEP 1961 10/02/2014 C-7 Books
  Dewey Decimal Classification   Not For Loan Non-fiction Central Library, University of Rajshahi Central Library, University of Rajshahi Reading Room 16/09/2019     658.3 BEP 1961 16/09/2019 C-1 Books
  Dewey Decimal Classification     Non-fiction Central Library, University of Rajshahi Central Library, University of Rajshahi   19/10/1973 U.S. Govt.   658.3 BEP 1961 17/09/2019 C-2 Books
  Dewey Decimal Classification     Non-fiction Central Library, University of Rajshahi Central Library, University of Rajshahi   19/10/1973 U.S. Govt.   658.3 BEP 1961 17/09/2019 C-3 Books
  Dewey Decimal Classification     Non-fiction Central Library, University of Rajshahi Central Library, University of Rajshahi   19/10/1973 U.S. Govt.   658.3 BEP 1961 17/09/2019 C-4 Books
  Dewey Decimal Classification     Non-fiction Central Library, University of Rajshahi Central Library, University of Rajshahi   19/10/1973 U.S. Govt.   658.3 BEP 1949 18/09/2019 C-5 Books
  Dewey Decimal Classification     Non-fiction Central Library, University of Rajshahi Central Library, University of Rajshahi   19/10/1973 U.S.Govt.   658.3 BEP 1961 29/10/2019 C-6 Books